[Event "DEN-ch B5 Gr2 "]
[Site "Koge"]
[Date "2004.04.??"]
[Round "5"]
[White "Jensen, Janech"]
[Black "Reiths, Henning"]
[Result "1-0"]
[WhiteElo "1732"]
[BlackElo "1712"]
[PlyCount "155"]
[EventDate "2004.04.08"]
[EventType "swiss"]
[EventRounds "5"]
[EventCountry "DEN"]
[SourceTitle "EXT 2023"]
[Source "ChessBase"]
[SourceDate "2022.10.05"]
[SourceVersion "1"]
[SourceVersionDate "2022.10.05"]
[SourceQuality "1"]

1. e4 e6 2. d3 c5 3. g3 Nc6 4. Bg2 g6 5. Nc3 Bg7 6. f4 d5 7. Bd2 Nge7 8. Nf3 Rb8 9. Rb1 0-0 10. 0-0 b5 11. Ne2 b4 12. h3 f5 13. g4 Ba6 14. Ng5 Qd7 15. exf5 exf5 16. Be3 d4 17. Bd2 fxg4 18. Ng3 h6 19. N5e4 gxh3 20. Bf3 Rb5 21. Bg4 h2+ 22. Kxh2 Qc7 23. Be6+ Kh7 24. Qg4 Nd8 25. f5 gxf5 26. Bxf5+ Nxf5 27. Rxf5 Bc8 28. Ng5+ Kh8 29. Rxf8+ Bxf8 30. Qh5 Rb6 31. Rf1 Kg7 32. N5e4 Nf7 33. Bf4 Qd7 34. Rg1 Rg6 35. Be5+ Nxe5 36. Qxe5+ Kh7 37. Rg2 Bd6 38. Nf6+ Rxf6 39. Qxf6 Qh3+ 40. Kg1 Bxg3 41. Re2 Bh2+ 42. Rxh2 Qg4+ 43. Rg2 Qd1+ 44. Kh2 Qh5+ 45. Kg3 Qg4+ 46. Kf2 Qf5+ 47. Qxf5+ Bxf5 48. Kf3 h5 49. Kf4 Bg4 50. Kg5 Kg7 51. Rf2 Bd1 52. Rd2 Bg4 53. c3 bxc3 54. bxc3 dxc3 55. Rc2 Kf7 56. Rxc3 Be2 57. Rxc5 Ke6 58. d4 Kd6 59. Ra5 a6 60. Kf4 h4 61. Ke3 Bf1 62. Kf2 Bc4 63. a3 h3 64. Rh5 Be6 65. Ke3 Ke7 66. d5 Bg4 67. Rh4 Bd7 68. Kd4 Kf6 69. Kc5 Kg5 70. Rh8 Kg4 71. Kb6 Kg3 72. Kc7 Bg4 73. d6 h2 74. Rxh2 Kxh2 75. d7 Bxd7 76. Kxd7 Kg3 77. Kc7 Kf4 78. Kb6 1-0

[Event "DEN-ch B5 Gr2 "]
[Site "Koge"]
[Date "2004.04.??"]
[Round "2"]
[White "Vandrup, Lars"]
[Black "Jensen, Janech"]
[Result "0-1"]
[WhiteElo "1738"]
[BlackElo "1732"]
[PlyCount "84"]
[EventDate "2004.04.08"]
[EventType "swiss"]
[EventRounds "5"]
[EventCountry "DEN"]
[SourceTitle "EXT 2023"]
[Source "ChessBase"]
[SourceDate "2022.10.05"]
[SourceVersion "1"]
[SourceVersionDate "2022.10.05"]
[SourceQuality "1"]

1. e4 c5 2. Nf3 d6 3. d4 cxd4 4. Nxd4 Nf6 5. Nc3 a6 6. Be2 e5 7. Nb3 Be7 8. Be3 0-0 9. f3 Be6 10. Qd2 d5 11. exd5 Nxd5 12. Nxd5 Qxd5 13. Bd3 f5 14. 0-0 Nc6 15. a3 e4 16. fxe4 fxe4 17. Be2 Bf6 18. Rab1 Rad8 19. Qxd5 Bxd5 20. Bb6 Rde8 21. c4 Be6 22. Be3 Ne5 23. Nd2 Bg4 24. Bxg4 Nxg4 25. Bc5 Rf7 26. h3 Bg5 27. Rxf7 Kxf7 28. Rf1+ Nf6 29. Bb4 Bh4 30. Rf4 Bg3 31. Rf1 e3 32. Nf3 e2 33. Rc1 Rd8 34. Be1 Rd1 35. Rc2 Bxe1 36. Nxe1 Rxe1+ 37. Kf2 Rf1+ 38. Kxe2 Rf4 39. b4 Ke6 40. Kd3 Nd7 41. Re2+ Ne5+ 42. Kc3 Rxc4+ 0-1